| 000 | 00781cam a2200253 a 4500 | ||
|---|---|---|---|
| 999 |
_c127141 _d127141 |
||
| 001 | 1848135 | ||
| 003 | ARRUPE | ||
| 005 | 20171025095823.0 | ||
| 008 | 810801s1980 enk 000 1 eng | ||
| 010 | _a 81136449 | ||
| 015 | _aGB81-01217 | ||
| 020 |
_a0436102951 : _c£5.95 |
||
| 040 |
_aDLC _cDLC _dDLC |
||
| 050 | 0 | 0 | _aPR-516-1 |
| 082 | 0 | 0 |
_a823 _219 |
| 100 | 1 |
_aCoetzee, J. M., _d1940- _937248 |
|
| 245 | 1 | 0 |
_aWaiting for the barbarians / _cJ.M. Coetzee. |
| 260 |
_aLondon : _bSecker & Warburg, _c1980. |
||
| 300 |
_a165 p. ; _c23 cm. |
||
| 650 | 0 |
_aColonial administrators _xFiction. _937249 |
|
| 651 | 0 |
_aAfrica _xFiction. _937250 |
|
| 655 | 7 |
_aAllegories. _2gsafd _937251 |
|
| 906 |
_a7 _bcbc _corignew _d4 _encip _f19 _gy-gencatlg |
||
| 942 |
_2lcc _cMONOGRAPH |
||